000 00539cam a2200193 a 4500
001 000010568
003 DO-SdBNP
005 20250611111553.0
008 810916s1915 cu 001 0 spa
040 _aDO-SdBNP
_bspa
_cLC
_dBNPHU
049 _aBNGR
082 _a923.9
_bC719S
100 1 _aSaiz de la Mora, Jesús.
_925637
245 1 4 _aLas cenizas de Colón /
_cJesús Saiz de la Mora.
260 _aHabana :
_bCuba Intelectual,
_c1915.
300 _a222 p. ;
_c18 cm.
910 _aCatalogación por copia / LC
942 _2ddc
_cLBS1
999 _c10326
_d10326